[Event "7th European Individual Championship: Women"]
[Site "Kusadasi TUR"]
[Date "2006.04.08"]
[EventDate "2006.04.04"]
[Round "5"]
[Result "0-1"]
[White "Fiona Steil-Antoni"]
[Black "Andjelija Stojanovic"]
[WhiteElo "1939"]
[BlackElo "2193"]
[PlyCount "132"]

1. e4 c5 2. Nf3 e6 3. c3 Nf6 4. e5 Nd5 5. d4 cxd4 6. cxd4 d6
7. Nc3 Nxc3 8. bxc3 Qc7 9. Bd2 Nd7 10. exd6 Bxd6 11. Bd3 h6
12. O-O O-O 13. h3 Bf4 14. Re1 b6 15. Re4 Bxd2 16. Qxd2 Rd8
17. Rg4 Nf6 18. Qxh6 Nxg4 19. Qh7+ Kf8 20. hxg4 Bb7 21. Ne5
Qxc3 22. Rd1 Rd5 23. Qh8+ Ke7 24. Qxg7 Rxe5 25. dxe5 Qc6
26. f3 Qc5+ 27. Kh1 Bd5 28. Bg6 Rf8 29. Qf6+ Ke8 30. Be4 Kd7
31. f4 Kc7 32. Bxd5 exd5 33. Kh2 Kb7 34. f5 Ka6 35. Rd3 Qb4
36. Rf3 Qxg4 37. e6 Rg8 38. Ra3+ Kb5 39. Qb2+ Kc6 40. Qc2+ Kb7
41. exf7 Qh5+ 42. Kg1 Qxf7 43. Qe2 Rg5 44. Qa6+ Kb8 45. Rc3
Qxf5 46. Qe2 Rg8 47. Rf3 Qg5 48. g3 Rc8 49. Kg2 Qh5 50. Rf2
Qg5 51. Qd2 Qxd2 52. Rxd2 Rd8 53. g4 Kc7 54. Kf3 Rf8+ 55. Kg3
Kd6 56. g5 Kc5 57. Kg4 d4 58. g6 Kc4 59. Kg5 d3 60. g7 Rg8
61. Kg6 Kc3 62. Rd1 Kc2 63. Rh1 d2 64. Kf7 Rxg7+ 65. Kxg7 d1=Q
66. Rxd1 Kxd1 0-1

[Event "7th European Individual Championship: Women"]
[Site "Kusadasi TUR"]
[Date "2006.04.09"]
[EventDate "2006.04.04"]
[Round "6"]
[Result "1-0"]
[White "Anna Ushenina"]
[Black "Andjelija Stojanovic"]
[WhiteElo "2398"]
[BlackElo "2193"]
[PlyCount "41"]

1. e4 e5 2. Nf3 d6 3. d4 exd4 4. Nxd4 Nf6 5. Nc3 Be7 6. g3 d5
7. e5 Ng4 8. Bf4 g5 9. e6 h5 10. exf7+ Kxf7 11. Bc1 Bc5
12. Bg2 Qf6 13. Be3 Nxe3 14. fxe3 Bg4 15. Qd3 Qe5 16. O-O+ Kg7
17. Nxd5 Nc6 18. Nf5+ Kg8 19. Nfe7+ Bxe7 20. Qg6+ Qg7 21. Nf6+
1-0

[Event "7th European Individual Championship: Women"]
[Site "Kusadasi TUR"]
[Date "2006.04.12"]
[EventDate "2006.04.04"]
[Round "8"]
[Result "1/2-1/2"]
[White "Jessie Gilbert"]
[Black "Andjelija Stojanovic"]
[WhiteElo "2098"]
[BlackElo "2193"]
[PlyCount "99"]

1. d4 d5 2. c4 c6 3. e3 Nf6 4. Nf3 Bf5 5. Qb3 Qc7 6. Bd2 e6
7. Bb4 Bxb4+ 8. Qxb4 a5 9. Qb3 dxc4 10. Bxc4 a4 11. Qa3 b5
12. Be2 Nd5 13. Nc3 Qa5 14. Qc5 Ne7 15. O-O Nd7 16. Qd6 b4
17. Nd1 Nf6 18. Ne5 Be4 19. Nc4 Qb5 20. Qc7 Qb8 21. Nd6+ Kf8
22. Qxb8+ Rxb8 23. f3 Bc2 24. Nf2 Ned5 25. Nc4 b3 26. a3 Ke7
27. Bd3 Nb6 28. Ne5 Rhc8 29. Rac1 Nfd5 30. Rfe1 f6 31. Bxc2
bxc2 32. Ned3 Nc4 33. Rxc2 Ncxe3 34. Rce2 Nf5 35. Rxe6+ Kf7
36. R6e4 Nd6 37. R4e2 Nf5 38. Nc5 Nxd4 39. Re4 Nc2 40. Rc1
Rxb2 41. Re2 Nde3 42. Nd1 Nxd1 43. Rxd1 Rcb8 44. Rd7+ Kg6
45. Ne6 Rb1+ 46. Kf2 Nxa3 47. Rxg7+ Kh6 48. Rf7 Kg6 49. Rg7+
Kh6 50. Rf7 1/2-1/2

[Event "7th European Individual Championship: Women"]
[Site "Kusadasi TUR"]
[Date "2006.04.14"]
[EventDate "2006.04.04"]
[Round "10"]
[Result "1/2-1/2"]
[White "Alena Kubikova"]
[Black "Andjelija Stojanovic"]
[WhiteElo "2098"]
[BlackElo "2193"]
[PlyCount "95"]

1. d4 d5 2. Nf3 Nf6 3. Bf4 c5 4. e3 Nc6 5. c3 Qb6 6. Qb3 c4
7. Qxb6 axb6 8. Na3 Rxa3 9. bxa3 Bf5 10. Nh4 Bc2 11. Kd2 Ba4
12. f3 e6 13. g4 h6 14. Ng2 Bxa3 15. Be2 g5 16. Bg3 h5 17. h4
gxh4 18. Bxh4 Nd7 19. Bg3 b5 20. Bd1 Nb6 21. Nf4 b4 22. Ne2
Bb2 23. Rb1 Bxd1 24. Kxd1 Na4 25. Rxb2 Nxb2+ 26. Kc2 Nd3
27. Rxh5 Rg8 28. Nf4 Nxf4 29. Bxf4 b5 30. Bd6 bxc3 31. Kxc3
Kd7 32. Bc5 Ra8 33. a3 b4+ 34. axb4 Ra3+ 35. Kd2 Ra2+ 36. Kd1
Rb2 37. Rh7 Nxb4 38. Rxf7+ Kc6 39. Bxb4 Rxb4 40. Rf6 Kd7
41. g5 Ke7 42. Rh6 Rb1+ 43. Kc2 Rb3 44. Kd2 Rb2+ 45. Kd1 Rg2
46. f4 Kf7 47. Rf6+ Ke7 48. Rh6 1/2-1/2

[Event "39th Ladies Tournament"]
[Site "Belgrade"]
[Date "2007.03.13"]
[EventDate "?"]
[Round "9.5"]
[Result "1/2-1/2"]
[White "Andjelija Stojanovic"]
[Black "Sandra Djukic"]
[WhiteElo "2223"]
[BlackElo "2176"]
[PlyCount "33"]

1. e4 e6 2. d4 d5 3. Nc3 Nf6 4. e5 Nfd7 5. f4 c5 6. Nf3 Nc6
7. Be3 cxd4 8. Nxd4 Bc5 9. Qd2 O-O 10. O-O-O Nxd4 11. Bxd4 Qe7
12. Qf2 a6 13. Kb1 b5 14. Bd3 Bxd4 15. Qxd4 Qc5 16. Ne2 Qxd4
17. Nxd4 1/2-1/2

[Event "SRB-wch"]
[Site "Pancevo"]
[Date "2007.05.09"]
[EventDate "?"]
[Round "11.1"]
[Result "1-0"]
[White "Andjelija Stojanovic"]
[Black "Sandra Djukic"]
[WhiteElo "2223"]
[BlackElo "2176"]
[PlyCount "115"]

1. d4 Nf6 2. c4 c5 3. Nf3 cxd4 4. Nxd4 a6 5. Nc3 e6 6. a3 Qc7
7. e4 Nc6 8. Be2 Bd6 9. Be3 Nxd4 10. Bxd4 Be5 11. g3 d6 12. f4
Bxd4 13. Qxd4 Bd7 14. O-O-O Bc6 15. Rhe1 Rd8 16. g4 O-O 17. g5
e5 18. Qd3 Nd7 19. f5 Nc5 20. Qc2 Qa5 21. Kb1 Na4 22. Nxa4
Qxa4 23. Qxa4 Bxa4 24. Rd3 f6 25. h4 Kf7 26. Bd1 Bxd1
27. Rexd1 Ke7 28. Rb3 Rb8 29. Rb6 Rfd8 30. b4 Rd7 31. gxf6+
gxf6 32. c5 dxc5 33. Rxd7+ Kxd7 34. bxc5 Rc8 35. Rxf6 Rxc5
36. Rf7+ Kc6 37. Rf6+ Kd7 38. Re6 b5 39. Kb2 a5 40. Kb3 a4+
41. Kb4 Rc4+ 42. Kxb5 Rxe4 43. Rh6 Rf4 44. Rxh7+ Kd6 45. h5
Rxf5 46. Kxa4 e4 47. h6 e3 48. Rh8 e2 49. Re8 Re5 50. Rxe5
Kxe5 51. h7 e1=Q 52. h8=Q+ Kd5 53. Qb2 Kc5 54. Qb5+ Kd6
55. Qb4+ Qxb4+ 56. axb4 Kc6 57. Ka5 Kc7 58. Ka6 1-0

[Event "European Team Chess Championships (Women)"]
[Site "Crete GRE"]
[Date "2007.10.28"]
[EventDate "2007.10.28"]
[Round "1"]
[Result "0-1"]
[White "Katharina Newrkla"]
[Black "Andjelija Stojanovic"]
[WhiteElo "2037"]
[BlackElo "2274"]
[PlyCount "70"]

1. e4 c5 2. Nf3 Nc6 3. d4 cxd4 4. Nxd4 Nf6 5. Nc3 d6 6. Bc4
Bd7 7. Bb3 g6 8. Be3 Ng4 9. Nxc6 bxc6 10. Qd4 e5 11. Qc4 Qe7
12. O-O-O Nxe3 13. fxe3 Bh6 14. Qd3 Rd8 15. Qxd6 Bxe3+ 16. Kb1
Qxd6 17. Rxd6 Ke7 18. Rhd1 Bd4 19. R6xd4 exd4 20. Rxd4 Be6
21. Ra4 Rd7 22. Ra6 Rhd8 23. a3 Bxb3 24. cxb3 Rc7 25. b4 f5
26. b5 fxe4 27. Nxe4 cxb5 28. Nc3 Rb7 29. Kc2 Rd6 30. Rxd6
Kxd6 31. Kd3 Ke5 32. b4 a6 33. g3 Rf7 34. Ke3 Rf1 35. h4 Ra1
0-1

[Event "European Team Chess Championships (Women)"]
[Site "Crete GRE"]
[Date "2007.10.29"]
[EventDate "2007.10.28"]
[Round "2"]
[Result "0-1"]
[White "Andjelija Stojanovic"]
[Black "Iosefina Paulet"]
[WhiteElo "2274"]
[BlackElo "2276"]
[PlyCount "52"]

1. Nf3 e6 2. c4 Nf6 3. g3 b6 4. Bg2 Bb7 5. O-O c5 6. Nc3 Be7
7. d4 cxd4 8. Qxd4 Nc6 9. Qd3 Nb4 10. Qd1 Qc8 11. a3 Na6
12. Qd3 Nc5 13. Qc2 Nce4 14. Nb5 a6 15. Nbd4 O-O 16. Ng5 Nxg5
17. Bxg5 Bxg2 18. Kxg2 h6 19. Bxf6 Bxf6 20. Qd3 d5 21. cxd5
Rd8 22. e3 Rxd5 23. Qe4 Qd7 24. Rac1 Rc8 25. b4 g6 26. Rxc8+
Qxc8 0-1

[Event "European Team Chess Championships (Women)"]
[Site "Crete GRE"]
[Date "2007.10.30"]
[EventDate "2007.10.28"]
[Round "3"]
[Result "1-0"]
[White "Andjelija Stojanovic"]
[Black "Indira (Babataeva) Bajt"]
[WhiteElo "2274"]
[BlackElo "2225"]
[PlyCount "99"]

1. e4 c5 2. Nf3 Nc6 3. d4 cxd4 4. Nxd4 Nf6 5. Nc3 e5 6. Ndb5
d6 7. Bg5 a6 8. Na3 b5 9. Nd5 Be7 10. Bxf6 Bxf6 11. c4 b4
12. Nc2 Rb8 13. b3 Bg5 14. g3 f5 15. h4 Be7 16. Qh5+ g6
17. Qh6 Bf8 18. Qd2 a5 19. h5 g5 20. exf5 Bxf5 21. Bd3 e4
22. Bxe4 Bxe4 23. Qe3 Be7 24. Qxe4 O-O 25. Nxe7+ Nxe7 26. O-O
Nf5 27. Nd4 Nxd4 28. Qxd4 Qf6 29. Rad1 Qh6 30. Qg4 Qf6 31. f4
Qc3 32. Rxd6 Kh8 33. Qf3 Qb2 34. Qf2 Qg7 35. h6 Qc3 36. Qd4+
Kg8 37. Qxc3 bxc3 38. Rc1 gxf4 39. gxf4 Rxf4 40. Rxc3 Rg4+
41. Kf2 Kf7 42. Rf3+ Ke7 43. Ra6 Rd8 44. Rxa5 Rd2+ 45. Ke3
Rgg2 46. a4 Rge2+ 47. Kf4 Rd4+ 48. Kf5 Rh2 49. Ra7+ Kf8
50. Ke5+ 1-0

[Event "European Team Chess Championships (Women)"]
[Site "Crete GRE"]
[Date "2007.10.31"]
[EventDate "2007.10.28"]
[Round "4"]
[Result "1-0"]
[White "Maia Lomineishvili"]
[Black "Andjelija Stojanovic"]
[WhiteElo "2409"]
[BlackElo "2274"]
[PlyCount "75"]

1. d4 d5 2. c4 c6 3. Nf3 Nf6 4. Nc3 dxc4 5. a4 Bf5 6. Ne5 Nbd7
7. Nxc4 Nb6 8. Ne5 a5 9. e3 e6 10. g4 Bg6 11. h4 Bb4 12. h5
Be4 13. f3 Bd5 14. e4 Bxe4 15. fxe4 Nxe4 16. Qd3 Nd5 17. Bd2
Nxd2 18. Qxd2 Qd6 19. Bg2 f6 20. Nf3 Qg3+ 21. Kf1 Qxg4 22. Rh4
Qf5 23. Kf2 Nc7 24. Bh3 Bxc3 25. bxc3 Qd5 26. Rb1 b5 27. axb5
cxb5 28. Qe2 Ke7 29. Re1 g5 30. Re4 Ra6 31. Nd2 Rc6 32. Re3
Rd8 33. Bg2 Qf5+ 34. Kg1 Nd5 35. Be4 Nxe3 36. Bxf5 Nxf5
37. Qxb5 Rxc3 38. Qxf5 1-0

[Event "European Team Chess Championships (Women)"]
[Site "Crete GRE"]
[Date "2007.11.03"]
[EventDate "2007.10.28"]
[Round "6"]
[Result "1/2-1/2"]
[White "Andjelija Stojanovic"]
[Black "Marlies Bensdorp"]
[WhiteElo "2274"]
[BlackElo "2263"]
[PlyCount "101"]

1. e4 e5 2. Nf3 Nc6 3. Bc4 Nf6 4. d3 Be7 5. c3 O-O 6. Nbd2 d5
7. Bb3 Bg4 8. h3 Bh5 9. O-O Re8 10. Re1 dxe4 11. dxe4 Bf8
12. Qe2 Nd7 13. Nf1 Nc5 14. Ng3 Nxb3 15. axb3 Bg6 16. Qc4 Qd7
17. Bg5 Qe6 18. Qxe6 Rxe6 19. Nh4 f6 20. Nxg6 hxg6 21. Be3 Rd8
22. b4 a6 23. Kf1 Kf7 24. Ke2 Red6 25. Nf1 f5 26. Bc5 R6d7
27. Bxf8 Kxf8 28. Rad1 Rxd1 29. Rxd1 Rxd1 30. Kxd1 Kf7 31. Ke2
Ke6 32. Kd3 Ne7 33. Nd2 Nc8 34. h4 Nd6 35. c4 Ne8 36. g3 Nf6
37. f3 Nh5 38. Nf1 f4 39. g4 Nf6 40. b3 Nd7 41. Nd2 Nb8 42. b5
axb5 43. cxb5 Nd7 44. b4 Nf6 45. b6 c6 46. Nc4 Ne8 47. Na5 Nd6
48. Nb3 Kf7 49. Nc5 Ke7 50. g5 Kf7 51. Nd7 1/2-1/2

[Event "European Team Chess Championships (Women)"]
[Site "Crete GRE"]
[Date "2007.11.04"]
[EventDate "2007.10.28"]
[Round "7"]
[Result "1/2-1/2"]
[White "Manuela Mader"]
[Black "Andjelija Stojanovic"]
[WhiteElo "2203"]
[BlackElo "2274"]
[PlyCount "96"]

1. e4 c5 2. c3 Nf6 3. e5 Nd5 4. Nf3 e6 5. Bc4 d6 6. d4 cxd4
7. cxd4 Be7 8. O-O Nc6 9. Qe2 O-O 10. Nc3 Nxc3 11. bxc3 dxe5
12. dxe5 Qa5 13. Bd2 Rd8 14. Bd3 g6 15. Rfc1 Qc7 16. Bf4 b6
17. h4 Bb7 18. Ng5 Rd7 19. Re1 Bxg5 20. hxg5 Ne7 21. Rac1 Nd5
22. Bd2 Rad8 23. Bb5 Bc6 24. Bxc6 Qxc6 25. c4 Ne7 26. Bb4 Nf5
27. c5 Rd5 28. Qa6 Nh4 29. cxb6 Rc5 30. Qf1 Rxc1 31. Rxc1 Qxb6
32. Qc4 Nf5 33. Qc5 h6 34. gxh6 Nxh6 35. Qxb6 axb6 36. Bd6 Nf5
37. Rc6 b5 38. Rb6 Kg7 39. Rxb5 Nxd6 40. exd6 Rxd6 41. a4 Rd1+
42. Kh2 Ra1 43. Ra5 f5 44. f4 g5 45. fxg5 Kg6 46. Re5 Kxg5
47. Rxe6 Rxa4 48. Rb6 Ra3 1/2-1/2

[Event "European Team Chess Championships (Women)"]
[Site "Crete GRE"]
[Date "2007.11.06"]
[EventDate "2007.10.28"]
[Round "9"]
[Result "1-0"]
[White "Andjelija Stojanovic"]
[Black "Nargiz Umudova"]
[WhiteElo "2274"]
[BlackElo "2183"]
[PlyCount "81"]

1. e4 c5 2. Nf3 Nc6 3. d4 cxd4 4. Nxd4 Nf6 5. Nc3 e5 6. Ndb5
d6 7. Bg5 a6 8. Na3 b5 9. Nd5 Be7 10. Bxf6 Bxf6 11. c4 O-O
12. cxb5 Nd4 13. b6 Bb7 14. Bc4 Rb8 15. O-O Qd7 16. Nc2 Bxd5
17. Bxd5 Nxc2 18. Qxc2 Rxb6 19. b3 Bg5 20. Rad1 Kh8 21. g3 Qe7
22. Rd3 g6 23. f4 Bh6 24. f5 Rbb8 25. Kg2 Rbc8 26. Bc4 a5
27. a4 Rc5 28. Rdf3 Rcc8 29. Qd3 Rcd8 30. Qd5 Ra8 31. fxg6
fxg6 32. Rf7 Rxf7 33. Rxf7 Qd8 34. Qb7 Qg8 35. Rd7 Rb8 36. Qa7
Ra8 37. Bxg8 Rxa7 38. Rxa7 Kxg8 39. Rxa5 Be3 40. Rd5 Bc5
41. Rxc5 1-0

[Event "European Individual Championship (Women)"]
[Site "Plovdiv BUL"]
[Date "2008.04.23"]
[EventDate "2008.04.21"]
[Round "3"]
[Result "0-1"]
[White "Andjelija Stojanovic"]
[Black "Valentina Golubenko"]
[WhiteElo "2346"]
[BlackElo "2254"]
[PlyCount "122"]

1. d4 c5 2. d5 Nf6 3. Bg5 Qb6 4. Nc3 h6 5. Bd2 d6 6. f4 g6
7. e4 Bg7 8. Bb5+ Kf8 9. Qe2 e6 10. Nf3 Kg8 11. dxe6 Bxe6
12. e5 dxe5 13. fxe5 Nfd7 14. O-O-O Nc6 15. Bf4 g5 16. Bc4 Nd4
17. Nxd4 cxd4 18. Na4 Qb4 19. Bxe6 fxe6 20. Qg4 Nf8 21. Bxg5
hxg5 22. Rxd4 Qa5 23. Qxg5 Qxe5 24. Qxe5 Bxe5 25. Rg4+ Kf7
26. h3 Rc8 27. Rf1+ Ke7 28. b3 Rh7 29. Nb2 Rg7 30. Rb4 Rc7
31. g4 Ng6 32. Nd3 Bc3 33. Re4 Rf7 34. Rh1 Rc8 35. Kd1 Rcf8
36. h4 Nf4 37. Nxf4 Rxf4 38. Rxf4 Rxf4 39. g5 Kf7 40. h5 Rg4
41. g6+ Kg7 42. Ke2 Kh6 43. Kd3 Bg7 44. Rf1 Kxh5 45. Rf7 Kxg6
46. Rxb7 Rd4+ 47. Ke3 Rd6 48. Ke4 Ra6 49. a4 Ra5 50. c4 Re5+
51. Kd3 a5 52. Rb5 Kf5 53. c5 Rd5+ 54. Ke2 Bd4 55. Rxa5 Rxc5
56. Ra6 e5 57. b4 Rc2+ 58. Kd1 Rb2 59. b5 Ke4 60. Rh6 Kd3
61. Kc1 Rb4 0-1

[Event "European Individual Championship (Women)"]
[Site "Plovdiv BUL"]
[Date "2008.04.25"]
[EventDate "2008.04.21"]
[Round "5"]
[Result "1/2-1/2"]
[White "Andjelija Stojanovic"]
[Black "Tatjana Lematschko"]
[WhiteElo "2346"]
[BlackElo "2189"]
[PlyCount "91"]

1. e4 e6 2. d4 d5 3. Nc3 Nf6 4. e5 Nfd7 5. f4 b6 6. Nf3 c5
7. Be3 g6 8. Be2 Ba6 9. O-O h5 10. g3 Be7 11. h3 Qc8 12. Kg2
Bxe2 13. Nxe2 Nc6 14. g4 hxg4 15. hxg4 Qb7 16. c3 O-O-O
17. Ng3 Rdg8 18. Rh1 Qc7 19. Qc2 Kb7 20. Rxh8 Rxh8 21. Rg1
cxd4 22. cxd4 Nb4 23. Qxc7+ Kxc7 24. Rc1+ Kb7 25. a3 Nc6
26. f5 Bd8 27. f6 Bc7 28. Ng5 Nd8 29. Ne2 Nb8 30. Nf4 Nbc6
31. b4 b5 32. Kf3 Bb6 33. Rd1 Re8 34. Nfh3 Bc7 35. Bf2 Rf8
36. Nf4 Rh8 37. Ke2 Rh2 38. Nf3 Rh8 39. Kd3 a6 40. Rc1 Na7
41. Nd2 Nac6 42. Nf3 Na7 43. Be3 Rh7 44. Rg1 Rh8 45. Rc1 Rh7
46. Rg1 1/2-1/2

[Event "European Individual Championship (Women)"]
[Site "Plovdiv BUL"]
[Date "2008.04.26"]
[EventDate "2008.04.21"]
[Round "6"]
[Result "1-0"]
[White "Andjelija Stojanovic"]
[Black "Stefi Bednikova"]
[WhiteElo "2346"]
[BlackElo "2086"]
[PlyCount "85"]

1. e4 d6 2. d4 e5 3. Nf3 Nd7 4. Nc3 Be7 5. Bc4 Ngf6 6. O-O O-O
7. Re1 h6 8. a4 c6 9. h3 a5 10. b3 Re8 11. Ba3 Bf8 12. Qd2
exd4 13. Qxd4 Ne5 14. Be2 Nxf3+ 15. Bxf3 d5 16. Bxf8 Rxf8
17. exd5 Be6 18. Rad1 cxd5 19. Nxd5 Nxd5 20. Bxd5 Bxd5
21. Qxd5 Qc7 22. Qe4 Rae8 23. Qxe8 Rxe8 24. Rxe8+ Kh7 25. c4
b6 26. Red8 Qc5 27. R8d5 Qc7 28. Rd7 Qf4 29. R7d6 Qf5 30. Rxb6
Qc2 31. Rbd6 Qxb3 32. c5 Qxa4 33. Rc1 Qf4 34. Rdd1 a4 35. c6
Qc7 36. g3 a3 37. Rd7 Qe5 38. c7 a2 39. c8=Q a1=Q 40. Rxa1
Qxa1+ 41. Kh2 Qb1 42. Rxf7 Qa1 43. Rf3 1-0

[Event "European Individual Championship (Women)"]
[Site "Plovdiv BUL"]
[Date "2008.04.27"]
[EventDate "2008.04.21"]
[Round "7"]
[Result "1/2-1/2"]
[White "Marina Makropoulou"]
[Black "Andjelija Stojanovic"]
[WhiteElo "2254"]
[BlackElo "2346"]
[PlyCount "81"]

1. e4 d6 2. d4 Nf6 3. Nc3 e5 4. dxe5 dxe5 5. Qxd8+ Kxd8 6. Bg5
Nbd7 7. O-O-O c6 8. h3 Bc5 9. Nf3 Ke7 10. Bh4 b5 11. Be2 h6
12. g4 g5 13. Bg3 Bd6 14. Bd3 Ke6 15. Rd2 Nb6 16. Rhd1 Ne8
17. Be2 f6 18. Ne1 Be7 19. Ng2 Nd6 20. f3 Ndc4 21. Bxc4+ Nxc4
22. Rd3 Ba6 23. Bf2 h5 24. Ne3 hxg4 25. hxg4 b4 26. Na4 Nxe3
27. Rxe3 Bb5 28. b3 Rh2 29. Bg1 Rg2 30. Ree1 Rh8 31. Rd2 Rg3
32. Nc5+ Kf7 33. Nb7 Rh1 34. Rdd1 a6 35. c4 bxc3 36. a4 Ba3+
37. Kc2 Be2 38. Rxe2 Rhxg1 39. Rxg1 Rxg1 40. Kxc3 Rc1+ 41. Kd3
1/2-1/2

[Event "European Individual Championship (Women)"]
[Site "Plovdiv BUL"]
[Date "2008.04.29"]
[EventDate "2008.04.21"]
[Round "8"]
[Result "1-0"]
[White "Turkan Mamedjarova"]
[Black "Andjelija Stojanovic"]
[WhiteElo "2271"]
[BlackElo "2346"]
[PlyCount "63"]

1. e4 d6 2. d4 Nf6 3. Nc3 e5 4. dxe5 dxe5 5. Qxd8+ Kxd8 6. Bg5
Nbd7 7. Bc4 Ke8 8. O-O-O Bd6 9. Nf3 a6 10. Rhe1 b5 11. Bb3 Bb7
12. Nh4 b4 13. Nd5 Nxd5 14. Bxd5 Bxd5 15. Rxd5 f6 16. Be3 g6
17. Nf3 Ke7 18. Red1 Rhd8 19. g4 Ke6 20. Ne1 a5 21. Ng2 g5
22. f3 Be7 23. h4 h6 24. h5 Nf8 25. Bc5 Bxc5 26. Rxd8 Rxd8
27. Rxd8 Ke7 28. Ra8 Bb6 29. Kd2 Ne6 30. Ne3 Nd4 31. Nf5+ Nxf5
32. exf5 1-0

[Event "European Individual Championship (Women)"]
[Site "Plovdiv BUL"]
[Date "2008.04.30"]
[EventDate "2008.04.21"]
[Round "9"]
[Result "1/2-1/2"]
[White "Andjelija Stojanovic"]
[Black "Ana Gavasheli"]
[WhiteElo "2346"]
[BlackElo "2191"]
[PlyCount "57"]

1. d4 d5 2. Nf3 Nf6 3. g3 g6 4. Bg2 Bg7 5. O-O O-O 6. c4 c6
7. cxd5 cxd5 8. Ne5 Nc6 9. Nc3 e6 10. Nxc6 bxc6 11. Na4 Nd7
12. b3 c5 13. Bb2 Ba6 14. Re1 c4 15. e4 dxe4 16. Bxe4 Rc8
17. bxc4 Bxc4 18. d5 Bxb2 19. Nxb2 exd5 20. Bxd5 Bxd5 21. Qxd5
Nb6 22. Qb3 Qf6 23. Rac1 Rfd8 24. Nd3 Rxc1 25. Rxc1 Qf3
26. Ne5 Qxb3 27. axb3 Rc8 28. Ra1 Rc7 29. Kf1 1/2-1/2

[Event "European Individual Championship (Women)"]
[Site "Plovdiv BUL"]
[Date "2008.05.02"]
[EventDate "2008.04.21"]
[Round "11"]
[Result "1/2-1/2"]
[White "Andjelija Stojanovic"]
[Black "Adriana Nikolova"]
[WhiteElo "2346"]
[BlackElo "2219"]
[PlyCount "25"]

1. Nf3 Nf6 2. g3 b6 3. Bg2 Bb7 4. c4 e6 5. O-O Be7 6. Nc3 O-O
7. d4 Ne4 8. Qd3 f5 9. Nd2 d5 10. cxd5 exd5 11. Nf3 Bf6
12. Bf4 c6 13. Be5 1/2-1/2

[Event "Euro Club Cup (Women)"]
[Site "Kallithea GRE"]
[Date "2008.10.17"]
[EventDate "2008.10.17"]
[Round "1"]
[Result "1/2-1/2"]
[White "Andjelija Stojanovic"]
[Black "Ekaterina Korbut"]
[WhiteElo "2357"]
[BlackElo "2459"]
[PlyCount "74"]

1. d4 d5 2. Nf3 Nf6 3. g3 c6 4. Bg2 Bf5 5. O-O e6 6. c4 Be7
7. Nc3 h6 8. b3 Nbd7 9. Bb2 O-O 10. Nd2 Qb6 11. a3 a5 12. c5
Qc7 13. b4 b5 14. bxa5 Rxa5 15. Na2 Nb8 16. Nb4 Ra4 17. Nb1
Na6 18. Nc3 Ra5 19. Nxa6 Rxa6 20. Qb3 Nd7 21. Na2 Nb8 22. Nb4
Ra4 23. Rfc1 Qb7 24. Bf1 Na6 25. Nxc6 Qxc6 26. e4 Bxe4
27. Bxb5 Rb8 28. Qxa4 Qxb5 29. Qxb5 Rxb5 30. Bc3 Rb3 31. Bb4
Bg5 32. Rc3 Rb2 33. c6 Bd2 34. c7 Nxc7 35. Rxc7 Bxb4 36. axb4
Rxb4 37. f3 Bg6 1/2-1/2

[Event "Euro Club Cup (Women)"]
[Site "Kallithea GRE"]
[Date "2008.10.18"]
[EventDate "2008.10.17"]
[Round "2"]
[Result "0-1"]
[White "Sylvie Genzling"]
[Black "Andjelija Stojanovic"]
[WhiteElo "1936"]
[BlackElo "2357"]
[PlyCount "82"]

1. e4 c5 2. Nf3 Nc6 3. d4 cxd4 4. Nxd4 Nf6 5. Nc3 d6 6. a4 g6
7. Be2 Bg7 8. Nb3 O-O 9. O-O Be6 10. Kh1 Rc8 11. f4 Na5 12. e5
Ne8 13. Nd4 Bc4 14. e6 f5 15. Rf3 Nc6 16. Nxc6 Rxc6 17. Bxc4
Rxc4 18. Qe2 Qc8 19. Bd2 Bf6 20. Re1 Qc6 21. Rd3 Nc7 22. Qf2
a6 23. h4 h5 24. Qg3 Kh7 25. Kh2 d5 26. b3 Rc5 27. b4 Rc4
28. b5 axb5 29. axb5 Qc5 30. b6 Qxb6 31. Nxd5 Nxd5 32. Rxd5
Rxc2 33. Ba5 Qb2 34. Red1 b6 35. Be1 Ra8 36. R1d2 Ra1 37. Rd8
Rxd2 38. Rxd2 Qc1 39. Re2 b5 40. Qd3 Qxf4+ 41. Bg3 Qf1 0-1

[Event "Euro Club Cup (Women)"]
[Site "Kallithea GRE"]
[Date "2008.10.19"]
[EventDate "2008.10.17"]
[Round "3"]
[Result "1-0"]
[White "Andjelija Stojanovic"]
[Black "Vera Papadopoulou"]
[WhiteElo "2357"]
[BlackElo "2196"]
[PlyCount "93"]

1. e4 c5 2. Nf3 d6 3. d4 cxd4 4. Nxd4 Nf6 5. Nc3 a6 6. Bg5 e6
7. f4 Qb6 8. Qd3 Nc6 9. O-O-O Bd7 10. Be2 Nxd4 11. Qxd4 Qxd4
12. Rxd4 Bc6 13. Bf3 Be7 14. Rhd1 h6 15. Bxf6 gxf6 16. Bh5 Rg8
17. g3 Rc8 18. R4d3 b5 19. a3 Bb7 20. Re3 Rc5 21. Bf3 Kf8
22. Ne2 Kg7 23. b4 Rc4 24. f5 Rgc8 25. c3 e5 26. Kb2 R4c6
27. g4 Kf8 28. Ng3 Bd8 29. Red3 Ke7 30. R1d2 Bb6 31. Bd1 Rd8
32. Bb3 Rc7 33. h4 Rg8 34. Bd1 Rd7 35. Bf3 Ba8 36. Nh5 Bb7
37. Nxf6 Kxf6 38. Rxd6+ Rxd6 39. Rxd6+ Kg7 40. Rxb6 Bc8 41. g5
hxg5 42. hxg5 Rh8 43. Bg4 f6 44. gxf6+ Kf7 45. Bd1 Rh2+
46. Kc1 Ke8 47. Bb3 1-0

[Event "Euro Club Cup (Women)"]
[Site "Kallithea GRE"]
[Date "2008.10.20"]
[EventDate "2008.10.17"]
[Round "4"]
[Result "1-0"]
[White "Irina Botvinnik"]
[Black "Andjelija Stojanovic"]
[WhiteElo "2239"]
[BlackElo "2357"]
[PlyCount "73"]

1. c4 e5 2. Nc3 Nc6 3. e3 Nf6 4. a3 g6 5. Nf3 Bg7 6. Qc2 O-O
7. Be2 d5 8. cxd5 Nxd5 9. O-O h6 10. Rb1 Nb6 11. b4 a6 12. Ne4
Bf5 13. d3 Nd7 14. Bd2 Qe7 15. a4 Rfc8 16. Rfc1 g5 17. b5 axb5
18. Rxb5 Nd8 19. Ng3 Bg6 20. Bc3 c6 21. Rb2 b6 22. Nd2 f5
23. Nc4 Ra6 24. d4 exd4 25. Bxd4 Bxd4 26. exd4 b5 27. Nxf5
Bxf5 28. Qxf5 Rxa4 29. Qg6+ Qg7 30. Qe8+ Nf8 31. Nb6 Qxd4
32. Nxa4 bxa4 33. Bc4+ Kg7 34. Qe7+ Kg6 35. Qxf8 Qxb2 36. Bd3+
Kh5 37. Qf3+ 1-0

[Event "Euro Club Cup (Women)"]
[Site "Kallithea GRE"]
[Date "2008.10.22"]
[EventDate "2008.10.17"]
[Round "6"]
[Result "1-0"]
[White "Anna Muzychuk"]
[Black "Andjelija Stojanovic"]
[WhiteElo "2508"]
[BlackElo "2357"]
[PlyCount "69"]

1. e4 c5 2. Nf3 Nc6 3. Bb5 d6 4. d4 cxd4 5. Qxd4 Bd7 6. Bxc6
Bxc6 7. Nc3 Nf6 8. Bg5 e6 9. O-O-O Be7 10. Qd3 Qa5 11. Kb1 a6
12. h4 Rc8 13. Nd4 O-O 14. f4 Rfe8 15. f5 e5 16. Bxf6 Bxf6
17. Nb3 Qb6 18. g4 Be7 19. g5 Bf8 20. h5 Qc7 21. g6 fxg6
22. hxg6 h6 23. Rdg1 Qe7 24. Nd2 b5 25. Nf1 b4 26. Nd5 Bxd5
27. Qxd5+ Kh8 28. Ne3 Rc5 29. Qb3 Rec8 30. Rg2 Qd8 31. Ng4 Rc4
32. f6 R8c7 33. Nxh6 gxh6 34. g7+ Bxg7 35. fxg7+ 1-0

[Event "Women's Olympiad"]
[Site "Dresden GER"]
[Date "2008.11.13"]
[EventDate "2008.11.13"]
[Round "1"]
[Result "1/2-1/2"]
[White "Evelyn Moncayo Romero"]
[Black "Andjelija Stojanovic"]
[WhiteElo "2142"]
[BlackElo "2357"]
[PlyCount "127"]

1. e4 c5 2. Nf3 Nc6 3. d4 cxd4 4. Nxd4 Nf6 5. Nc3 d6 6. Be3
Ng4 7. Bb5 Nxe3 8. Nxc6 Qd7 9. fxe3 bxc6 10. Bc4 e6 11. O-O
Be7 12. Qh5 Bf6 13. Rad1 Qe7 14. Ne2 h6 15. Nd4 Bd7 16. c3 O-O
17. Rd2 c5 18. Nf3 Bc6 19. e5 dxe5 20. Nxe5 Bd5 21. Bxd5 exd5
22. Ng4 Bg5 23. Rxd5 Bxe3+ 24. Nxe3 Qxe3+ 25. Kh1 Rab8 26. b3
Qxc3 27. Rd7 a5 28. h3 g6 29. Qxh6 a4 30. bxa4 Rb2 31. Rd6 Qg7
32. Qxg7+ Kxg7 33. Rc6 Rxa2 34. Rf4 Ra8 35. Rc7 R8xa4
36. Rfxf7+ Kh6 37. Rh7+ Kg5 38. Rxc5+ Kf6 39. Rc6+ Kf5
40. Rf7+ Kg5 41. Rg7 Rd2 42. Rcxg6+ Kf5 43. Rg5+ Kf6 44. R7g6+
Kf7 45. Rb6 Raa2 46. h4 Rd4 47. h5 Kf8 48. h6 Rh4+ 49. Kg1
Ra1+ 50. Kf2 Rah1 51. Rgg6 Rh5 52. Rgc6 Rf5+ 53. Kg3 Rg5+
54. Kf2 Rh2 55. Rc8+ Ke7 56. h7 Rgxg2+ 57. Kf3 Rf2+ 58. Ke3
Re2+ 59. Kf4 Ref2+ 60. Ke5 Re2+ 61. Kf5 Ref2+ 62. Ke4 Re2+
63. Kf5 Ref2+ 64. Ke4 1/2-1/2